000
00476nam a2200181Ia 4500
008
090124s9999 xx 000 0 und d
082
_b
106024
100
_a
रेगे सरिता
245
_a
रुप कथ्थक
250
_a
1
260
_c
1957
300
_a
50
600
_a
रेगे सरिता
630
_a
रुप कथ्थक
700
_a
रेगे सरिता
730
_a
रुप कथ्थक
942
_c
BOOK
999
_c
152115
_d
152115